| 000 | 00557nam a2200229Ia 4500 | ||
|---|---|---|---|
| 005 | 20250425162151.0 | ||
| 008 | 250425s9999 xx 000 0 und d | ||
| 041 | _aspa | ||
| 043 | _aec | ||
| 082 | _a333.7 | ||
| 110 | _aPROGRAMA DE PEQUEÑAS DONACIONES | ||
| 245 | 0 | _aSOLUCIONES LOCALES A PROBLEMAS AMBIENTALES GLOBALES | |
| 250 | _a1A ED. | ||
| 260 |
_aEcuador _bPPD/FMAM/PNUD _c2003 |
||
| 260 | _aQUITO | ||
| 300 | _a55 | ||
| 500 | _aBOLETIN 7 | ||
| 650 | _aMANEJO AMBIENTAL | ||
| 650 | _aMEDIO AMBIENTE | ||
| 942 | _c01 | ||
| 010 | _a54131 | ||
| 999 |
_c223688 _d223688 |
||